Centre d'Iniciatives i Recursos Esportius : memòria activitats : resum de dades memòria activitats :
Descripción Física:
20, 22 p., [12] f. solts en una carpeta : quadres ; 30 cm
MARC
| LEADER | 00000nam a2200000Ia 4500 | ||
|---|---|---|---|
| 001 | 18529 | ||
| 008 | 160829s9999 xx 000 0 cat d | ||
| 080 | |a P-1-72 | ||
| 110 | 1 | |9 55430 |a Barcelona (Catalunya : Província). |b Centre d'Iniciatives i Recursos Esportius | |
| 245 | |a Centre d'Iniciatives i Recursos Esportius : |b memòria activitats : |b resum de dades | ||
| 260 | |a Barcelona : |b Diputació de Barcelona. Servei d'Esports, [1990] | ||
| 300 | |a 20, 22 p., [12] f. solts en una carpeta : |b quadres ; |c 30 cm | ||
| 590 | |a Inclou un fulletó: Àrea d'Esports (4 p.). | ||
| 590 | |a Exemplar ciclostilat | ||
| 610 | 1 | 0 | |9 55430 |a Barcelona (Catalunya : Província). |b Centre d'Iniciatives i Recursos Esportius |
| 650 | 0 | |a Esports |z Barcelona (Catalunya : Província) |9 34361 | |
| 710 | 1 | |a Barcelona (Catalunya : Província). |b Servei d'Esports |9 53772 | |
| 901 | |a Arxiu | ||
| 942 | |n 1 |2 udc | ||
| 952 | |0 0 |1 0 |4 0 |6 P172 |7 1 |9 50740 |a Arxiu |b Arxiu |d 2016-12-01 |l 0 |o P-1-72 |p 18529 |r 2016-12-01 00:00:00 |w 2016-12-01 |y ARXIU | ||
| 999 | |c 54582 |d 54582 | ||